Statistiques concernant Pictogrammes de danger

Cliquez ici pour prendre le quiz!

Statistiques générales

  • Ce quiz a été pris 165 fois
  • Le résultat moyen est 5 sur 9

Statistiques - réponses

Réponse% Correct
Inflammable
94%
Toxique
93%
Explosif
89%
Corrosif
81%
Nocif
47%
Comburant
41%
Dangereux pour l'environnement
37%
Gaz sous pression
32%
Cancérogène Mutagène Reprotoxique
25%

Distribution des résultats

Percentile par nombre de réponses

% des personnes avec chaque résultat

Votre développement - résultats

Vous n’avez pas pris ce quiz